[Event "AUTO-BEG-209"]
[Site "http://www.queenalice.com/game.php?id=390187"]
[Date "2008.4.19"]
[Round "1"]
[White "sebnolistsrvs"]
[Black "shobby55"]
[Result "1/2-1/2"]
[WhiteElo "1350"]
[BlackElo "1413"]

1. e4 e5 2. Nf3 d6 3. Bc4 h6 4. Nc3 Nf6 5. d3 Be7 6. O-O O-O 7. Nd5 Nbd7 8. Bd2
c6 9. Nxe7+ Qxe7 10. h3 d5 11. Bb3 Nc5 12. c3 Nxb3 13. Qxb3 b5 14. a4 dxe4 15.
dxe4 Nxe4 16. axb5 Bb7 17. Be3 c5 18. Nd2 Nxd2 19. Bxd2 a6 20. Be3 a5 21. Qa3
Rfc8 22. Rfd1 Be4 23. Rd2 Qe6 24. Bxc5 Qg6 25. g3 Qh5 26. Kh2 Qf3 27. Rg1 Rd8
28. Rxd8+ Rxd8 29. c4 Rd3 30. Qa1 Rb3 31. Qd1 Qxd1 32. Rxd1 Rxb2 33. Re1 Bd3 34.
Rxe5 Bxc4 35. Bd4 Rb3 36. b6 a4 37. Ra5 a3 38. Ra7 Bd5 39. Ra5 Rb4 40. Rxd5 a2
41. Bc3 Rxb6 42. Ra5 Rc6 43. Bxg7 Kxg7 44. Rxa2 Rf6 45. f4 Kg6 46. g4 Rxf4 47.
Kg3 Rf6 48. Rf2 Rxf2 49. Kxf2 Kg5 50. Kg3 f6 51. h4+ Kg6 52. Kf4 h5 53. gxh5+
Kxh5 54. Kf5 Kxh4 55. Kxf6 Kh5 1/2-1/2

[Event "AUTO-BEG-209"]
[Site "http://www.queenalice.com/game.php?id=390193"]
[Date "2008.4.19"]
[Round "1"]
[White "sebnolistsrvs"]
[Black "faver_154"]
[Result "1-0"]
[WhiteElo "1354"]
[BlackElo "1863"]

1. e4 c5 2. Nf3 Nc6 3. d4 cxd4 4. Nxd4 e5 5. Nxc6 bxc6 6. Nc3 Nf6 7. Bg5 Be7 8.
Be2 O-O 9. O-O Qa5 10. Qd2 Nxe4 11. Nxe4 Qxd2 12. Bxd2 d5 13. Ng3 Rb8 14. b3 f5
15. Bc3 Bd6 16. Rad1 d4 17. Bc4+ Kh8 18. Bb2 f4 19. Ne4 Be7 20. Rfe1 c5 21. Ba3
Bf5 22. f3 Rfc8 23. c3 a5 24. cxd4 exd4 25. Bc1 Bh4 26. Re2 Re8 27. Bxf4 Rb7 28.
Nd6 Rxe2 29. Bxe2 Re7 30. Nxf5 Rxe2 31. Nxh4 Rxa2 32. Bd6 Rc2 33. Be5 Kg8 34.
Nf5 g6 35. Ne7+ Kf7 36. Nc6 Ke6 37. Re1 Kd7 38. Nxa5 d3 39. Rd1 d2 40. Bf4 Rc1
41. Rxc1 dxc1=Q+ 42. Bxc1 Kd6 43. Nc4+ Kd5 44. Ne3+ Kd4 45. Ng4 Kc3 46. Be3 Kb4
47. Kf2 h5 48. Nf6 h4 49. g4 g5 50. Ne4 Kxb3 51. Nxc5+ Kc4 52. Ne4 Kd5 53. Bxg5
Ke5 54. Bxh4 Kf4 55. Bg3# 1-0

[Event "AUTO-OPEN-1095"]
[Site "http://www.queenalice.com/game.php?id=480119"]
[Date "2008.10.20"]
[Round "2"]
[White "sebnolistsrvs"]
[Black "plutochess"]
[Result "1-0"]
[WhiteElo "1522"]
[BlackElo "1852"]

1. e4 c6 2. Nc3 d5 3. Nf3 Bg4 4. h3 Bh5 5. Be2 Nf6 6. e5 Nfd7 7. d4 e6 8. Bg5
Be7 9. Bxe7 Qxe7 10. O-O f6 11. exf6 Nxf6 12. Ng5 Bxe2 13. Qxe2 Kd7 14. Rfe1 Re8
15. Qd3 Qd6 16. Nxh7 Na6 17. Nxf6+ 1-0

[Event "AUTO-OPEN-1095"]
[Site "http://www.queenalice.com/game.php?id=480120"]
[Date "2008.10.20"]
[Round "2"]
[White "plutochess"]
[Black "sebnolistsrvs"]
[Result "0-1"]
[WhiteElo "1882"]
[BlackElo "1492"]

1. d4 d5 2. e3 Nf6 3. Nf3 c5 4. c3 e6 5. Nbd2 Bd6 6. b3 Nc6 7. Bb5 Bd7 8. O-O
O-O 9. Re1 Nxd4 10. Bxd7 Nxf3+ 11. Nxf3 Qxd7 12. Ba3 Qc7 13. b4 b6 14. bxc5 Bxc5
15. Bxc5 Qxc5 16. Qd3 Ne4 17. Rec1 Rac8 0-1

[Event "AUTO-INT-1081"]
[Site "http://www.queenalice.com/game.php?id=482493"]
[Date "2008.10.24"]
[Round "1"]
[White "chess2009"]
[Black "sebnolistsrvs"]
[Result "0-1"]
[WhiteElo "1429"]
[BlackElo "1478"]

1. e4 e5 2. Qh5 Nc6 3. Bc4 g6 4. Qf3 Nf6 5. d3 Bg7 6. Bg5 O-O 7. h4 d6 8. Bxf6
Qxf6 9. Qe3 Nd4 10. Na3 Be6 11. Bxe6 Nxe6 12. O-O-O c6 13. Nc4 b5 14. Nxd6 Qe7
15. Nxf7 Rxf7 16. f3 a5 17. Qb6 Nd4 18. c3 Ne6 19. Qxc6 Rb8 20. Rd2 Bh6 21. Kd1
Bxd2 22. Kxd2 Nf4 23. g3 Ne6 24. f4 exf4 25. gxf4 Rxf4 26. Ne2 Rf7 27. Qa6 Nc7
28. Qxa5 Ra8 29. Qb6 Rxa2 30. Kc2 Qe6 31. Qb8+ Qe8 32. Qb6 Rf2 33. Qxf2 b4 34.
cxb4 Qa4+ 35. Kd2 Rxb2+ 36. Ke3 Qxb4 37. Rf1 Qd2+ 38. Kf3 Ne6 39. Re1 Qxd3+ 40.
Kg2 Nd4 41. Rf1 Rxe2 42. Qxe2 Qxe2+ 43. Rf2 Qxe4+ 44. Kf1 Qh1# 0-1

[Event "AUTO-INT-1081"]
[Site "http://www.queenalice.com/game.php?id=482494"]
[Date "2008.10.24"]
[Round "1"]
[White "sebnolistsrvs"]
[Black "chess2009"]
[Result "1-0"]
[WhiteElo "1425"]
[BlackElo "1438"]

1. e4 e5 2. Nf3 Nc6 3. Bc4 h6 4. O-O Qe7 5. Nc3 Na5 6. Nd5 Qc5 7. Nxe5 Qxc4 8.
Nxc4 Nxc4 9. Nxc7+ Kd8 10. Nxa8 b6 11. d3 Na5 12. Bf4 d6 13. Be3 Bb7 14. Nxb6
axb6 15. Bxb6+ Kc8 16. Bxa5 Ne7 17. Qg4+ Kb8 18. Bb6 h5 19. Qd7 Nc6 20. Qe8+ Bc8
21. Qxc6 Bb7 22. Qc7+ Ka8 23. Qd8+ Bc8 24. Qxc8# 1-0

[Event "AUTO-INT-1081"]
[Site "http://www.queenalice.com/game.php?id=482509"]
[Date "2008.10.24"]
[Round "1"]
[White "showman"]
[Black "sebnolistsrvs"]
[Result "0-1"]
[WhiteElo "1616"]
[BlackElo "1456"]

1. e4 c5 2. Nc3 Nc6 3. Bb5 Nd4 4. Bc4 g6 5. Nge2 Bg7 6. Nxd4 Bxd4 7. Nd5 e6 8.
Nf4 Ne7 9. c3 Bg7 10. O-O O-O 11. b4 b6 12. b5 a5 13. a4 Qc7 14. d3 Bxc3 15. Ra3
Be5 16. g3 Bb7 17. f3 d5 18. exd5 exd5 19. Ba2 Bd4+ 20. Kh1 Rfe8 21. Re1 Qd7 22.
h4 Nf5 23. Rxe8+ Rxe8 24. Ne2 Nxg3+ 25. Kg2 Nxe2 26. Bh6 Bg7 27. Bg5 h6 28. Bd2
d4 29. Kf2 Qh3 30. Qb3 Qh2+ 31. Kf1 Qg1# 0-1

[Event "AUTO-INT-1081"]
[Site "http://www.queenalice.com/game.php?id=482510"]
[Date "2008.10.24"]
[Round "1"]
[White "sebnolistsrvs"]
[Black "showman"]
[Result "1-0"]
[WhiteElo "1396"]
[BlackElo "1660"]

1. e4 e5 2. Nf3 Nf6 3. Nc3 Nc6 4. Bc4 h6 5. O-O Bb4 6. Nd5 Nxe4 7. Qe2 f5 8.
Nxb4 Nxb4 9. Nxe5 Qf6 10. Qh5+ g6 11. Nxg6 Rh7 12. d3 Nd6 13. Bxh6 Nxc4 14.
Rfe1+ Kf7 15. Nh8+ Kg8 16. Re8+ Qf8 17. Rxf8# 1-0

[Event "AUTO-INT-1081"]
[Site "http://www.queenalice.com/game.php?id=482521"]
[Date "2008.10.24"]
[Round "1"]
[White "sebnolistsrvs"]
[Black "jolomol"]
[Result "1/2-1/2"]
[WhiteElo "1442"]
[BlackElo "1932"]

1. e4 e5 2. Nf3 Nc6 3. Bb5 a6 4. Bxc6 dxc6 5. O-O Bg4 6. h3 Bh5 7. g4 Bg6 8. d3
Qd6 9. Be3 O-O-O 10. Nbd2 f6 11. Nh4 Ne7 12. Nxg6 hxg6 13. Kg2 f5 14. f3 f4 15.
Nc4 Qe6 16. Bf2 g5 17. b4 Ng6 18. c3 Be7 19. a4 Nh4+ 20. Bxh4 Rxh4 21. Rh1 Rdh8
22. Rh2 Qh6 23. Qh1 1/2-1/2

[Event "AUTO-INT-1081"]
[Site "http://www.queenalice.com/game.php?id=482522"]
[Date "2008.10.24"]
[Round "1"]
[White "jolomol"]
[Black "sebnolistsrvs"]
[Result "1/2-1/2"]
[WhiteElo "1932"]
[BlackElo "1442"]

1. e4 e5 2. Nf3 Nc6 3. Bb5 a6 4. Ba4 b5 5. Bb3 Bc5 6. c3 f6 7. d4 exd4 8. cxd4
Bb6 9. d5 Na5 10. Be3 Bxe3 11. fxe3 Ne7 12. d6 cxd6 13. Qxd6 Nxb3 14. axb3 O-O
15. O-O Bb7 16. Nc3 Re8 17. Rfd1 Ng6 18. Qxd7 Qxd7 19. Rxd7 Bxe4 20. Nxe4 Rxe4
21. Nd4 Ne5 22. Rd6 Rxe3 23. Nxb5 Rxb3 24. Nc7 Rc8 25. Nxa6 Rxb2 1/2-1/2

[Event "AUTO-OPEN-1095"]
[Site "http://www.queenalice.com/game.php?id=514952"]
[Date "2008.12.31"]
[Round "3"]
[White "sebnolistsrvs"]
[Black "yanpom"]
[Result "1-0"]
[WhiteElo "1551"]
[BlackElo "1886"]

1. e4 e5 2. Nf3 Nc6 3. Bc4 Bc5 4. b4 Bxb4 5. c3 Ba5 6. d4 exd4 7. O-O dxc3 8.
Qb3 Qe7 9. Nxc3 Bxc3 10. Qxc3 Nf6 11. Ba3 d6 12. e5 dxe5 13. Bxe7 1-0

[Event "AUTO-OPEN-1095"]
[Site "http://www.queenalice.com/game.php?id=514953"]
[Date "2008.12.31"]
[Round "3"]
[White "yanpom"]
[Black "sebnolistsrvs"]
[Result "0-1"]
[WhiteElo "1832"]
[BlackElo "1580"]

1. e4 e5 2. Nf3 Nc6 3. Bc4 Bc5 4. O-O Nf6 5. d3 O-O 6. Bg5 d6 7. h3 Bd7 8. Nc3
h6 9. Bh4 g5 10. Nxg5 hxg5 11. Bxg5 Be6 12. Qf3 Kg7 13. Qg3 Rg8 14. Bxf6+ Kxf6
15. Qh4+ Rg5 16. Kh1 Qh8 17. Qxh8+ Rxh8 18. Bxe6 Kxe6 19. f4 exf4 20. Rxf4 Rhg8
21. Raf1 Rxg2 22. Rxf7 Rg1+ 0-1

[Event "AUTO-INT-1081"]
[Site "http://www.queenalice.com/game.php?id=533849"]
[Date "2009.2.2"]
[Round "2"]
[White "sebnolistsrvs"]
[Black "jolomol"]
[Result "1-0"]
[WhiteElo "1675"]
[BlackElo "2004"]

1. e4 Nf6 2. e5 Nd5 3. d4 e6 4. c4 Nb6 5. Nc3 Nc6 6. Nf3 Bb4 7. Bd3 d6 8. exd6
cxd6 9. O-O Bd7 10. Bd2 Na5 11. b3 Nc6 12. a3 Bxc3 13. Bxc3 Qc7 14. Qc2 O-O-O
15. Rfc1 Kb8 16. a4 h5 17. a5 Nc8 18. a6 N6e7 19. axb7 Qxb7 20. c5 Bb5 21. Bxb5
Qxb5 22. Ba5 Rd7 23. c6 Rc7 24. Bxc7+ Kxc7 25. Qc3 Nxc6 26. d5 exd5 27. Qxg7 Rd8
28. Nd4 1-0

[Event "AUTO-INT-1081"]
[Site "http://www.queenalice.com/game.php?id=533850"]
[Date "2009.2.2"]
[Round "2"]
[White "jolomol"]
[Black "sebnolistsrvs"]
[Result "0-1"]
[WhiteElo "1887"]
[BlackElo "1704"]

1. e4 c5 2. Nf3 d6 3. d4 cxd4 4. Nxd4 Nc6 5. Nc3 e5 6. Nf5 Nf6 7. Bg5 Bxf5 8.
exf5 Be7 9. Bxf6 Bxf6 10. Nd5 O-O 11. c3 Bg5 12. h4 Be7 13. g4 Bxh4 14. Qd3 h6
15. O-O-O a5 16. Rxh4 Qxh4 17. Qf3 a4 18. Bd3 a3 19. b3 Ra5 20. f6 Rxd5 21. Qxd5
Qxf2 22. Bc2 Qxf6 23. Qxd6 Qxd6 24. Rxd6 Rd8 25. Rxd8+ Nxd8 26. Be4 b6 27. Bd5
Kh7 28. b4 g6 29. c4 f5 30. gxf5 gxf5 31. c5 bxc5 32. bxc5 Kg6 33. c6 Nxc6 34.
Bxc6 Kg5 35. Kc2 e4 36. Kd2 Kg4 37. Ke2 h5 38. Kf2 h4 39. Kg2 e3 40. Bb5 h3+ 41.
Kh2 f4 42. Bd7+ Kf3 0-1

[Event "AUTO-INT-1081"]
[Site "http://www.queenalice.com/game.php?id=533853"]
[Date "2009.2.2"]
[Round "2"]
[White "sebnolistsrvs"]
[Black "Miraguaiov"]
[Result "1-0"]
[WhiteElo "1606"]
[BlackElo "2317"]

1. e4 e5 2. Nf3 Nc6 3. Bc4 Nf6 4. Nc3 Bc5 5. O-O O-O 6. d3 d6 7. Bg5 h6 8. Bh4
Be6 9. Nd5 g5 10. Nxg5 Bxd5 11. exd5 hxg5 12. Bxg5 Na5 13. Qf3 Kg7 14. Rae1 b5
15. Bxb5 Rb8 16. a4 a6 17. Re4 axb5 18. Rh4 1-0

[Event "AUTO-INT-1081"]
[Site "http://www.queenalice.com/game.php?id=533854"]
[Date "2009.2.2"]
[Round "2"]
[White "Miraguaiov"]
[Black "sebnolistsrvs"]
[Result "1-0"]
[WhiteElo "2294"]
[BlackElo "1636"]

1. e4 c5 2. Nf3 Nc6 3. Bb5 e6 4. Nc3 Nge7 5. d4 cxd4 6. Nxd4 Nxd4 7. Qxd4 Nc6 8.
Bxc6 bxc6 9. Be3 Qb6 10. Qxb6 axb6 11. Bxb6 Bb4 12. Kd2 d5 13. exd5 cxd5 14. a3
Be7 15. a4 O-O 16. a5 Ba6 17. f4 Rfc8 18. Ra4 Bc4 19. b3 Ba6 20. Re1 Kf8 21. Bd4
f6 22. Rxe6 Kf7 23. Rxe7+ Kxe7 24. Nxd5+ Kf7 25. Nb6 h6 26. Nxa8 Rxa8 27. c4 Rd8
28. Kd3 Rb8 29. b4 Bb7 30. g3 g5 31. b5 Re8 32. a6 Be4+ 33. Kc3 1-0